Decentralisation and community participation in development projects in Luanchele ward, Kapiri Mposhi district (Record no. 63406)

MARC details
000 -LEADER
fixed length control field 00958nam a2200193 a 4500
008 - FIXED-LENGTH DATA ELEMENTS--GENERAL INFORMATION
fixed length control field 160926s2014 ||||||||||||||||| || u
050 ## - LIBRARY OF CONGRESS CALL NUMBER
Classification number CBU-PG THESIS/AMU
100 ## - MAIN ENTRY--PERSONAL NAME
Personal name Amukena, Mwangana S.N
245 10 - TITLE STATEMENT
Title Decentralisation and community participation in development projects in Luanchele ward, Kapiri Mposhi district
Statement of responsibility, etc. by Mwangana S.N. Amukena
260 ## - PUBLICATION, DISTRIBUTION, ETC.
Place of publication, distribution, etc. Kitwe
Name of publisher, distributor, etc. Copperbelt University
Date of publication, distribution, etc. 2014
300 ## - PHYSICAL DESCRIPTION
Extent xi, 88p.: ill.
500 ## - GENERAL NOTE
General note Bibliography
650 ## - SUBJECT ADDED ENTRY--TOPICAL TERM
Topical term or geographic name entry element PROJECTS--DEVELOPING COUNTRIES--CITIZEN PARTICIPATION--CASE STUDIES
650 ## - SUBJECT ADDED ENTRY--TOPICAL TERM
Topical term or geographic name entry element COMMUNITY DEVELOPMENT--ZAMBIA
650 #0 - SUBJECT ADDED ENTRY--TOPICAL TERM
Topical term or geographic name entry element COMMUNITY DEVELOPMENT
650 ## - SUBJECT ADDED ENTRY--TOPICAL TERM
Topical term or geographic name entry element DECENTRALIZATION IN GOVERNMENT--ZAMBIA
995 ## -
-- SPECIAL COLLECTIONS
-- 4479
-- CBU-MAIN LIBRARY (Kitwe)
-- CBU-PG THESIS/AMU
-- 2
-- AVAILABLE
-- Jun 8, 2021
-- B4479
-- University Collection
995 ## -
-- SPECIAL COLLECTIONS
-- 746613
-- CBU-MAIN LIBRARY (Kitwe)
-- CBU-PG THESIS/AMU
-- 1
-- AVAILABLE
-- Sep 26, 2016
-- B2486
-- University Collection
999 ## -
-- 63406
-- 63406
Holdings
Withdrawn status Lost status Source of classification or shelving scheme Damaged status Not for loan Permanent Location Current Location Shelving location Date acquired Total Checkouts Full call number Barcode Date last seen Price effective from Koha item type
          CBU-MAIN LIBRARY, KITWE. CBU-MAIN LIBRARY, KITWE.   12/24/2022   CBU-PG THESIS/AMU B4479 12/24/2022 12/24/2022 MONOGRAPH
          CBU-MAIN LIBRARY, KITWE. CBU-MAIN LIBRARY, KITWE.   12/24/2022   CBU-PG THESIS/AMU B2486 12/24/2022 12/24/2022 MONOGRAPH